MDQL
is popping MORE tags! Check the
thread
!
Quizzes
Events
Quiz Creation
Community
Videos
Private Events
Remove Ads
Sign In
Join for FREE
Feedback
Dark Mode
Quiz Categories
Sports
Geography
Music
Movies
Television
Just For Fun
Miscellaneous
History
Literature
Language
Science
Gaming
Entertainment
Religion
Holiday
For Kids
Quiz Lab
Recent
Popular Today
Quiz Kudos Today
Editor Picks
Curator Picks
Quizzes by...
Day
Popularity
Type
Ratings
Length
Year
Community
Subscriptions
Recent Discussions
Orange Saloon
Badges
Playlists
Quests
Create
Leaderboards
Showdown
Live 5
Trivia Bingo
Activity
Puzzle Library
Sporcle Events
Private Events
Virtual Trivia
Globe League
Become a Host
Pub Owners
SporcleCon
Opinionation
Our Games
Videos
Blog
Mobile Apps
Partnerships
Remove Ads and Go Orange
Feedback
Sports
Athletes
MLB
NBA
NHL
NFL
Soccer
Sports Teams
WWE
NCAA
Football
Premier League
Basketball
Baseball
Hockey
Golf
Tennis
Cricket
Rugby
Auto Racing
Olympics
World Cup
Sports
Athletes
MLB
NBA
NHL
NFL
Soccer
Sports Teams
WWE
NCAA
Football
Premier League
Basketball
Baseball
Hockey
Golf
Tennis
Cricket
Rugby
Auto Racing
Olympics
World Cup
Random Quiz
Search Sporcle
×
Quiz Lab
Quiz Lab
Sports
MLB
Type in answers that appear in a list
Type in answers that appear in a list
Classic
Best Score? Go Orange.
2016 MLB Top 100 Batting Average Leaders Stats
Can you name the 2016 MLB Top 100 Batting Average Leaders?
By
gshep9
12m
100 Questions
118 Plays
118 Plays
118 Plays
Comments
Comments
Give Quiz Kudos
Give Quiz Kudos
-
- Ratings
hide this ad
Replay
Link that replays current quiz
Next Quiz
Link to next quiz in quiz playlist
You Got
0%
They Got
Avg Score
64%
Avg Friend Score
Upgrade to see
Score Distribution
Jump to the score distribution portion of the page
Score
0/100
Timer
12:00
0
Plays Today
Team
Player
% Correct
Astros
Jose Altuve
93.2%
Rockies
Nolan Arenado
93.2%
Reds
Joey Votto
89.8%
Rockies
Charlie Blackmon
89%
Red Sox
Mookie Betts
87.3%
Diamondbacks
Paul Goldschmidt
87.3%
Angels
Mike Trout
86.4%
Tigers
Miguel Cabrera
85.6%
White Sox
Melky Cabrera
84.7%
Mets
Asdrubal Cabrera
84.7%
Cubs
Anthony Rizzo
83.9%
Cubs
Kris Bryant
82.2%
Dodgers
Corey Seager
80.5%
Indians
Francisco Lindor
80.5%
Rockies
Carlos Gonzalez
80.5%
Dodgers
Adrian Gonzalez
80.5%
Mariners
Kyle Seager
80.5%
Nationals
Daniel Murphy
79.7%
Giants
Brandon Belt
79.7%
Red Sox
Dustin Pedroia
78.8%
Pirates
Starling Marte
78%
Tigers
J.D. Martinez
78%
Braves
Freddie Freeman
78%
Tigers
Victor Martinez
78%
Red Sox
David Ortiz
77.1%
Mariners
Robinson Cano
77.1%
White Sox
Jose Abreu
77.1%
Marlins
Marcell Ozuna
77.1%
Rangers
Adrian Beltre
76.3%
Marlins
Christian Yelich
76.3%
Indians
Jose Ramirez
75.4%
Brewers
Ryan Braun
75.4%
Red Sox
Hanley Ramirez
75.4%
Giants
Buster Posey
74.6%
Team
Player
% Correct
Dodgers
Justin Turner
74.6%
Royals
Eric Hosmer
74.6%
Orioles
Manny Machado
73.7%
Blue Jays
Josh Donaldson
73.7%
Rockies
DJ LeMahieu
72.9%
Red Sox
Xander Bogaerts
72.9%
Astros
Carlos Correa
72.9%
Padres/
Braves
Matt Kemp
71.2%
Rangers
Rougned Odor
70.3%
Cardinals
Matt Carpenter
69.5%
Brewers/
Rangers
Jonathan Lucroy
68.6%
Tigers
Ian Kinsler
68.6%
Mariners
Nelson Cruz
68.6%
Cardinals
Yadier Molina
67.8%
Rays
Evan Longoria
67.8%
Nationals
Anthony Rendon
67.8%
Orioles
Adam Jones
67.8%
Rangers
Elvis Andrus
66.9%
Giants
Brandon Crawford
66.9%
Angels
Albert Pujols
66.9%
Astros
George Springer
66.9%
Red Sox
Jackie Bradley
64.4%
Reds
Brandon Phillips
63.6%
Phillies
Odubel Herrera
63.6%
Mets
Yoenis Cespedes
63.6%
Twins
Brian Dozier
63.6%
Cubs
Ben Zobrist
62.7%
Blue Jays
Edwin Encarnacion
62.7%
Indians
Carlos Santana
62.7%
Indians
Jason Kipnis
61.9%
Yankees/
Rangers
Carlos Beltran
61%
Yankees
Brett Gardner
61%
Royals
Alcides Escobar
61%
Angels
Yunel Escobar
60.2%
Team
Player
% Correct
Cubs
Dexter Fowler
60.2%
Diamondbacks
Jean Segura
59.3%
Marlins
J.T. Realmuto
58.5%
Angels
Kole Calhoun
56.8%
Yankees
Starlin Castro
56.8%
Yankees
Didi Gregorius
55.1%
Nationals
Wilson Ramos
54.2%
Padres
Wil Myers
54.2%
Marlins
Martin Prado
52.5%
Rangers
Ian Desmond
52.5%
Yankees
Jacoby Ellsbury
52.5%
Braves
Ender Inciarte
51.7%
Orioles
Jonathan Schoop
51.7%
White Sox
Adam Eaton
50.8%
Braves
Nick Markakis
50%
Twins
Joe Mauer
49.2%
Phillies
Cesar Hernandez
48.3%
Twins/
Giants
Eduardo Nunez
48.3%
Cardinals
Stephen Piscotty
48.3%
Brewers
Jonathan Villar
45.8%
Pirates
Josh Harrison
45.8%
Blue Jays
Kevin Pillar
44.9%
Giants
Angel Pagan
43.2%
Royals
Kendrys Morales
43.2%
Diamondbacks
Yasmany Tomas
41.5%
Giants
Denard Span
39%
Braves
Adonis Garcia
34.7%
Rays
Logan Forsythe
29.7%
Rangers
Nomar Mazara
22%
Brewers
Scooter Gennett
21.2%
Athletics
Danny Valencia
17.8%
Royals
Cheslor Cuthbert
13.6%
Quiz Playlist
Details
Report
Send in Message
Add To Playlist
Classic:
Type in answers that appear in a list
Last Updated: Jun 11, 2017
Quiz Scoreboard
CHALLENGE
Sign Up to Join the Scoreboard
Show All
Scores
Hide
Comments
May contain spoilers
Recently Published
5x2 Blitz: Bands
by SL_Kpop136
Music
30s
Colored Red Africa Blitz
by spor1
Geography
30s
Find the 'City' Movie
by crazypaving
Movies
60s
More to Explore
Quiz From the Vault
Featured Blog Post
14 Easter Pick-up Lines to Find Eggs With
hide this ad
You Might Also Like...
Tags
MLB Quiz
100
2016
Average
Batting
Batting Average
Leader
Player
team
Top 100
Today's Top Quizzes in Sports
Browse Sports
hide this ad
Today's Top Quizzes in MLB
Browse MLB
Top Contributed Quizzes in Sports
1
Players with Multiple 50 Home Run Seasons
2
Who Needs Fielders?
3
Criteria MLB: Left Handed Sluggers
4
MLB Players with Two .350 Batting Average Seasons
5
Who Hit More Homers?
6
2020 F1 Drivers Logic Puzzle
7
NBA Teammate Connections
8
Premier League Clubs since 2000 (minefield)
9
MLB Teams by First Game
10
Top 10 NHL Goal Scorers of All Time
Explore More
Trending Topics
Anime
Crossword
Harry Potter
Disney
NBA
Marvel
Kpop
WWE
Pokémon
Puzzle
Song
Country
The Office
Soccer
NFL
hide this ad
More By:
gshep9
Quiz
Plays
Rating
Category
Featured
Created
2018-19 ESPN Top 100 NBA Players
1,387
1.00
Sports
Oct 1, 2018
Name the NBA Playoff teams from 2010-2017
282
2.00
Sports
Jun 11, 2017
ESPN 2016-17 Top 100 NBA Players
252
1.00
Sports
Jun 11, 2017
2017 NBA Regular Season Leading Scorers
216
Sports
Jun 9, 2017
2016 MLB Top 100 Home Run Leaders
162
4.50
Sports
Jun 12, 2017
Go to Creator's Profile
Score Distribution
Quiz Creator Spotlight
gshep9
Follow
Send a Message
Quizzes Created
-
Created Quiz Play Count
-
More By This Creator
Popular Quizzes Today
1
5x2 Blitz: Bands
2
Find the 'City' Movie
3
Find the US States - No Outlines Minefield
4
Colored Red Africa Blitz
5
The Countries of the World
6
Find the US States
7
Risky Map Clicking: Biggest States A-Z
8
9x9 Crossword: Cartoon Network
More Sports Quizzes
The Big Board: NFL
Published
Trending Quizzes
Colored Red Africa Blitz II
Colored Red Europe Blitz I
Find the 'Dark' Movie
Find the 'Day' Movie
Find the 'Good' Movie
Recently Updated
Champions League XIs: Real Madrid
pecheneg
Largest US Cities 1790-2010
pecheneg
Rides in Walt Disney World
pecheneg
Most Oscar Losses (Acting)
pecheneg
Beyoncé Albums
pecheneg
Leaping Animals
pecheneg
Reality TV Shows (A-Z)
bhenderson79
Rickey Henderson's Hall of Fame Teammates
pecheneg
Champions League XIs: Arsenal
pecheneg
Quick Pick: Celebrities in WWE's Hall of Fame
aduchscher
Trending Topics
Kpop
Marvel
Harry Potter
NBA
Crossword
Anime
Disney
The Office
Pokémon
NFL
Soccer
Puzzle
Song
Country
WWE
Your Account Isn't Verified!
In order to create a playlist on Sporcle, you need to verify the email address you used during registration. Go to your
Sporcle Settings
to finish the process.
Report this User
Report this user for behavior that violates our
Community Guidelines
.
Details:
Send Report
Go to the Sporcle.com Mobile Site →
Comments